LEADER 00838nam a2200193 i 4500 001 000000234627 003 CaOOAMICUS 005 20141017000000.0 008 141017s1782 it u000 u ita u 013 $a213530 026 $ae,i- lil- e,u- stV. (3) 1782 (R) 040 $aSeMil$bita 245 10$aDall'anno 1529 al 1535. 300 $aIV, [1], 4-360 p. 500 $aSegn. : A8(A1+*1) B-Y8 Z4. 773 0 $aFleury, Claude <1640-1723>$tStoria ecclesiastica di monsignor Claudio Fleury tradotta dal francese a Sua Eccellenza Carlo conte e signore De Firmian ... Tomo 1. [-63.].$dSiena : Dalle stampe di Vincenzo Pazzini Carli, e Figli, 1776-1792.$g45$w()30721 850 $aSeMil 852 $aSeMil$W1$xVenegono$y1$m3B I 45 FA$j184973$B184973$CSeMilBibl$Z2$F195904 $8I 996 $6245$aDall'anno 1529 al 1535$9(OLS)http://semarc/title/334806 LEADER 01106nam a2200229 i 4500 001 000000032988 003 CaOOAMICUS 005 20180830125450.0 008 180830s1978 it u000 u ita u 040 $aSeMil$bita 100 1 $aZanetti, Roberto <1938- >.$0(OLS)http://semarc/name/15167 245 13$aLa musica italiana nel Settecento /$cRoberto Zanetti. 260 $aBusto Arsizio :$bEd. Bramante,$ccopyr. 1978. 300 $a3 v. (1615 p., [20] p. di tav.) ;$c26 cm. 500 $aIn custodia. 650 4$aMusica - Italia - Storia - Sec. 18.$0(OLS)http://semarc/subject/5285 773 0 $tStoria della musica italiana.$dBusto Arsizio : Ed. Bramante, copyr. 1969-copyr. 1985.$w()32985 774 0 $t[1].$kStoria della musica italiana : da Sant'Ambrogio a noi$w()247697 774 0 $t[2].$kStoria della musica italiana : da Sant'Ambrogio a noi$w()247698 774 0 $t[3].$kStoria della musica italiana : da Sant'Ambrogio a noi$w()247699 996 $6245$aLa musica italiana nel Settecento$9(OLS)http://semarc/title/44659 996 $6260$aBusto Arsizio :$bEd. Bramante$9(OLS)http://semarc/publisher/39469